000 00297nam a2200121 a 4500
005 20140414093831.0
008 970110s19uu xx 00 eng d
050 _aVHS SD
_bR 38
245 _aMR. & MS. SIS Grade School Pageant.
260 _cOctober 19, 2000.
942 _cAVM
999 _c108683
_d108683